How John Became a Man : (Record no. 241748)
[ view plain ]
| 000 -LEADER | |
|---|---|
| fixed length control field | 00881cam a22002653a 4500 |
| 001 - CONTROL NUMBER | |
| control field | 12493 |
| 003 - CONTROL NUMBER IDENTIFIER | |
| control field | PGUSA |
| 005 - DATE AND TIME OF LATEST TRANSACTION | |
| control field | 20140828083252.0 |
| 008 - FIXED-LENGTH DATA ELEMENTS--GENERAL INFORMATION | |
| fixed length control field | 040601s2004||||xxu|||||s|||||000 1 eng d |
| 040 ## - CATALOGING SOURCE | |
| Original cataloging agency | PGUSA |
| Language of cataloging | eng |
| 042 ## - AUTHENTICATION CODE | |
| Authentication code | dc |
| 050 #4 - LIBRARY OF CONGRESS CALL NUMBER | |
| Classification number | PZ |
| 100 1# - MAIN ENTRY--PERSONAL NAME | |
| Personal name | Byrum, Isabel C. |
| Fuller form of name | (Isabel Coston), |
| Dates associated with a name | 1870-1938 |
| 245 10 - TITLE STATEMENT | |
| Title | How John Became a Man : |
| Remainder of title | Life Story of a Motherless Boy |
| Medium | [electronic resource] / |
| Statement of responsibility, etc | Isabel C. Byrum |
| 260 ## - PUBLICATION, DISTRIBUTION, ETC. (IMPRINT) | |
| Name of publisher, distributor, etc | Project Gutenberg, |
| Date of publication, distribution, etc | 2004 |
| 506 ## - RESTRICTIONS ON ACCESS NOTE | |
| Terms governing access | Public domain in the USA. |
| 516 ## - TYPE OF COMPUTER FILE OR DATA NOTE | |
| Type of computer file or data note | Electronic text |
| 653 ## - INDEX TERM--UNCONTROLLED | |
| Uncontrolled term | Motherless families -- Juvenile fiction |
| 653 ## - INDEX TERM--UNCONTROLLED | |
| Uncontrolled term | Christian life -- Juvenile fiction |
| 653 ## - INDEX TERM--UNCONTROLLED | |
| Uncontrolled term | Frontier and pioneer life -- West (U.S.) -- Juvenile fiction |
| 653 ## - INDEX TERM--UNCONTROLLED | |
| Uncontrolled term | Conduct of life -- Juvenile fiction |
| 830 #0 - SERIES ADDED ENTRY--UNIFORM TITLE | |
| Uniform title | Project Gutenberg |
| Volume number/sequential designation | 12493 |
| 856 40 - ELECTRONIC LOCATION AND ACCESS | |
| Uniform Resource Identifier | <a href="http://www.gutenberg.org/ebooks/12493">http://www.gutenberg.org/ebooks/12493</a> |
| 942 ## - ADDED ENTRY ELEMENTS (KOHA) | |
| Koha item type | eBooks |
| Withdrawn status | Lost status | Damaged status | Home library | Current library | Date acquired | Total Checkouts | Date last seen | Price effective from | Koha item type |
|---|---|---|---|---|---|---|---|---|---|
| Project Gutenberg | Project Gutenberg | 08/28/2014 | 08/28/2014 | 08/28/2014 | eBooks |